000 00621nam a2200193 i 4500
001 86792
003 ES-MaACL
005 20250522202634.0
007 t|
008 041215s1973 sp ||||1| spa d
100 1 _aKipling, Rudyard,
_d1865-1936
_968087
245 1 3 _aEl libro de la selva /
_cRudyard Kipling ; traducido del inglés por Ramón D. Perés.
260 _aBarcelona :
_bGustavo Gili,
_c[1973]
300 _a236 p. ;
_c19 cm.
500 _aPremio Nobel de Literatura.
700 1 _aPerés, Ramón D.,
_d1863-1956
_990527
852 _aES-MaACL
_jC-54126
_bR.87073
999 _c86792
_d86792